000
00340nam a2200145Ia 4500
100
_a
Morris/Noel M
650
_a
Electrical Engineering
942
_c
BK
654
_a
Computer
245
_a
Mastering Electronic & Electrical Calculations
260
_b
Macmillan
_a
New Delhi
_c
1996
300
_a
452
546
_a
ENGLISH
999
_c
33205
_d
33205